01329naa#a2200229#i#4500001001600000005001700016011001400033100004100047102000700088200025000095210020500345215001000550608004500560675012000605700005200725700006200777700005000839700006000889700006000949700006001009856003001069RU\\bibl\12338420260705205847.7##a1994-4683##a20230731b2023####ek#y0rusy0150####ca##aRU1#aМЕТОДОЛОГИЧЕСКИЕ АСПЕКТЫ ОБУЧЕНИЯ СТУДЕНТОВ В ОБЛАСТИ ОБЕСПЕЧЕНИЯ КИБЕРБЕЗОПАСНОСТИ НА ФАКУЛЬТАТИВНЫХ ЗАНЯТИЯХeЖурнальная статья1#aМоскваcНациональный государственный Университет физической культуры, спорта и здоровья им. П.Ф. Лесгафтаd2023##a3 с.##aЖурнальная статья2local##aПрофессорско-преподавательский состав и научный персонал. 378.12#1aЗуевgАндрей Вячеславович#1aБесединаgВалентина Алексеевна#1aБородинgМихаил Павлович#1aГарагановgАртур Владимирович#1aНиколаеваgНаталья Викторовна#1aПлатоновgАндрей Владимирович4#auchzapiski.lesgaft.spb.ru